Shalosh Ketuvot ha-baʾot ke-aḥat : shete ketuvot Shomroniyot ṿe-aḥat karaʾit...

Saved in:
Bibliographic Details
Main Author: Grayevsḳi, Pinḥas ben Tsevi, 1873-1941.
Format: Book
Language:Hebrew
Published: Jerusalem : Defus ha-ʻIvri, 688 [1927 or 1928]
Subjects:
Tags: Add Tag
No Tags, Be the first to tag this record!
LEADER 00554nam a22001817u 4500
001 000027899-8
005 20020606090541.3
008 030784|1927 is |||| ||||||0||||heb||
035 0 |a ocm19151267 
100 1 |a Grayevsḳi, Pinḥas ben Tsevi,  |d 1873-1941. 
245 1 0 |a Shalosh Ketuvot ha-baʾot ke-aḥat :  |b shete ketuvot Shomroniyot ṿe-aḥat karaʾit... 
260 0 |a Jerusalem :  |b Defus ha-ʻIvri,  |c 688 [1927 or 1928] 
300 |a 19 p. :  |b ill. 
650 0 |a Karaites. 
650 0 |a Samaritans. 
752 |a Israel  |d Jerusalem 
988 |a 20020608 
906 |0 MH